Towards a Social Media Strategy for Effective Government Communication: A Case of Migori County Government, Kenya (Record no. 216006)
[ view plain ]
| 000 -LEADER | |
|---|---|
| fixed length control field | 00671nam a22001577a 4500 |
| 008 - FIXED-LENGTH DATA ELEMENTS--GENERAL INFORMATION | |
| fixed length control field | 250811b |||||||| |||| 00| 0 eng d |
| 050 ## - LIBRARY OF CONGRESS CALL NUMBER | |
| Classification number | THE JF 1525 .C58 O85 2019 |
| Item number | C.1 |
| 100 ## - MAIN ENTRY--PERSONAL NAME | |
| Personal name | Otieno, Collins Opondo |
| 245 ## - TITLE STATEMENT | |
| Title | Towards a Social Media Strategy for Effective Government Communication: A Case of Migori County Government, Kenya |
| 260 ## - PUBLICATION, DISTRIBUTION, ETC. | |
| Place of publication, distribution, etc. | Kisii |
| Name of publisher, distributor, etc. | Kisii University |
| Date of publication, distribution, etc. | 2019 |
| 300 ## - PHYSICAL DESCRIPTION | |
| Extent | xvi, 119p.:ill. |
| 500 ## - GENERAL NOTE | |
| General note | Includes bibliographical references |
| 650 ## - SUBJECT ADDED ENTRY | |
| Topical term or geographic name entry element | 1. Social media - Government use - Kenya. 2. Government communication systems - Kenya - Evaluation. 3. Local government - Kenya - Migori County. |
| 942 ## - ADDED ENTRY ELEMENTS (KOHA) | |
| Source of classification or shelving scheme | Library of Congress Classification |
| Koha item type | Reference |
| Withdrawn status | Lost status | Source of classification or shelving scheme | Damaged status | Not for loan | Collection | Home library | Current library | Date acquired | Inventory number | Total checkouts | Full call number | Barcode | Date last seen | Copy number | Price effective from | Koha item type | Shelving location |
|---|---|---|---|---|---|---|---|---|---|---|---|---|---|---|---|---|---|
| Library of Congress Classification | Special Research | Kisii University Library | Kisii University Library | 08/11/2025 | 109420 | THE JF 1525 .C58 O85 2019 | 000000024320 | 08/11/2025 | C.1 | 08/11/2025 | Reference | ||||||
| Library of Congress Classification | Arts & Social Sciences | Kisii University Library | Kisii University Library | 08/29/2025 | 108043 | THE JS 344 .O85 2019 | 000000024466 | 08/29/2025 | C.2 | 08/29/2025 | Reference | On Display |